000
00319nam a22001337a 4500
008
170516b xxu||||| |||| 00| 0 eng d
020
_a
2900195168432
041
_a
eng
080
_2
5TH
_a
94 (100)
100
_a
16
101
_a
SHH
245
_a
THE TWENTIETH-CENTURY WORLD AND BEYOND
_c
KEYLOR ,W.R
942
_2
udc
_c
BK
999
_c
13351
_d
13351